MARC

LEADER 00000nas a2200000 a 4500
001 ssj0017452
003 WaSeSS
005 20200512172242.0
006 m d
007 cr n
008 010804c20019999enkqr pss 0 0eng c
010 |a  2007233464 
015 |a GBA605110  |2 bnb 
016 7 |a 013357525  |2 Uk 
022 |a 1470-3300  |l 1470-3297  |y 1470-3297 
035 |a (WaSeSS)ssj0017452 
040 |a F#A  |b eng  |c F#A  |d OCLCQ  |d DLC  |d OCLCQ  |d OCL  |d MUQ  |d GUA  |d OCLCQ  |d UKMGB  |d OCLCQ  |d OCLCF  |d OCLCO  |d OCLCQ  |d WT2  |d NLE  |d OCLCQ  |d OCLCO  |d WYU  |d VT2  |d DLC  |d OCLCQ  |d OCLCO  |d SFB  |d WaSeSS 
042 |a pcc 
050 0 0 |a LB1028.5 
082 0 4 |a 371.3944 
130 0 |a Innovations in education and teaching international (Online) 
245 1 0 |a Innovations in education and teaching international  |h [electronic resource]. 
260 |a [London] :  |b Routledge,  |c ©2000- 
310 |a Quarterly 
362 0 |a Vol. 38, issue 1 (Jan. 2001)- 
500 |a Title from contents screen (Informaworld, viewed Nov. 13, 2007). 
506 |a License restrictions may limit access. 
538 |a Mode of access: World Wide Web. 
550 |a Official journal of the Staff and Educational Development Association. 
588 1 |a Vol. 57, issue 1 (2020); (Taylor & Francis Online, viewed January 29, 2020). 
610 2 0 |a Staff and Educational Development Association  |v Periodicals. 
610 2 7 |a Staff and Educational Development Association.  |2 fast  |0 (OCoLC)fst00704195 
650 0 |a Programmed instruction  |v Periodicals. 
650 0 |a Educational technology  |v Periodicals. 
650 0 |a Instructional systems  |v Periodicals. 
650 6 |a Enseignement programmé  |v Périodiques. 
650 6 |a Technologie éducative  |v Périodiques. 
650 6 |a Enseignement, Systèmes d'  |v Périodiques. 
650 7 |a Higher Education.  |2 ebps 
650 7 |a Educational technology.  |2 fast  |0 (OCoLC)fst00903623 
650 7 |a Instructional systems.  |2 fast  |0 (OCoLC)fst00974356 
650 7 |a Programmed instruction.  |2 fast  |0 (OCoLC)fst01078691 
655 0 |a Electronic journals. 
710 2 |a Staff and Educational Development Association. 
776 0 8 |i Print version:  |t Innovations in education and teaching international  |x 1470-3297  |w (DLC) 2001245727  |w (OCoLC)46479190 
780 0 0 |t Innovations in education and training international (Online)  |x 1469-8420  |w (DLC) 00238559  |w (OCoLC)44890699 
850 |a DLC 
856 4 0 |z Full text available from Research Library: 02/01/2001 to 08/31/2009  |u https://search.proquest.com/publication/8512